<?xml version="1.0" encoding="UTF-8"?>
<record
    xmlns:xsi="http://www.w3.org/2001/XMLSchema-instance"
    xsi:schemaLocation="http://www.loc.gov/MARC21/slim http://www.loc.gov/standards/marcxml/schema/MARC21slim.xsd"
    xmlns="http://www.loc.gov/MARC21/slim">

  <leader>00594nam a22001817a 4500</leader>
  <controlfield tag="003">LK-CoMWRAF</controlfield>
  <controlfield tag="005">20240624154400.0</controlfield>
  <controlfield tag="008">240114b2010    |||||||| |||| 00| 0 eng d</controlfield>
  <datafield tag="040" ind1=" " ind2=" ">
    <subfield code="a">LK-CoMWRAF</subfield>
    <subfield code="d">LK-CoMWRAF</subfield>
    <subfield code="e">LK-CoMWRAF</subfield>
  </datafield>
  <datafield tag="041" ind1=" " ind2=" ">
    <subfield code="a">tam</subfield>
  </datafield>
  <datafield tag="082" ind1=" " ind2=" ">
    <subfield code="a">340.59</subfield>
    <subfield code="b">THI</subfield>
  </datafield>
  <datafield tag="245" ind1=" " ind2=" ">
    <subfield code="a">&#xBA4;&#xBBF;&#xBB0;&#xBC1;&#xBAE;&#xBA3;&#xBAE;&#xBCD;- &#xB93;&#xBB0;&#xBCD; &#xB86;&#xBAF;&#xBCD;&#xBB5;&#xBBF;&#xBAF;&#xBB2;&#xBCD; &#xB92;&#xBAA;&#xBCD;&#xBAA;&#xBC1;&#xBB5;&#xBBF;&#xBAA;&#xBCD;&#xBAA;&#xBC1;</subfield>
  </datafield>
  <datafield tag="246" ind1=" " ind2=" ">
    <subfield code="a">Thirumanam- oor aayviyal oppuvippu</subfield>
  </datafield>
  <datafield tag="260" ind1=" " ind2=" ">
    <subfield code="a">Addalaichenai:</subfield>
    <subfield code="b">National College of Education,</subfield>
    <subfield code="c">2010</subfield>
  </datafield>
  <datafield tag="300" ind1=" " ind2=" ">
    <subfield code="a">x., 174 p.</subfield>
    <subfield code="b">Bibliography included</subfield>
  </datafield>
  <datafield tag="650" ind1=" " ind2=" ">
    <subfield code="a">MARRIAGE-Islamic law</subfield>
  </datafield>
  <datafield tag="942" ind1=" " ind2=" ">
    <subfield code="c">BK</subfield>
  </datafield>
  <datafield tag="952" ind1=" " ind2=" ">
    <subfield code="0">0</subfield>
    <subfield code="1">0</subfield>
    <subfield code="4">0</subfield>
    <subfield code="7">0</subfield>
    <subfield code="a">MAIN</subfield>
    <subfield code="b">MAIN</subfield>
    <subfield code="d">2024-01-14</subfield>
    <subfield code="l">0</subfield>
    <subfield code="o">340.59 THI</subfield>
    <subfield code="p">RAF4734</subfield>
    <subfield code="r">2024-01-14</subfield>
    <subfield code="w">2024-01-14</subfield>
    <subfield code="y">BK</subfield>
  </datafield>
  <datafield tag="999" ind1=" " ind2=" ">
    <subfield code="c">4620</subfield>
    <subfield code="d">4620</subfield>
  </datafield>
</record>
